| Tag |
First Indicator |
Second Indicator |
Subfields |
| LEADER |
00000cam a2200000 a 4500 |
| 001 |
in00000081076 |
| 005 |
20151008055409.0 |
| 008 |
800604s1979 at b b 00110bengm |
| 010 |
|
|
|a 80670049
|
| 015 |
|
|
|a Aus***
|
| 020 |
|
|
|a 0424000709
|
| 035 |
|
|
|a (OCoLC)06491050
|
| 035 |
|
|
|9 AAJ3361AM
|
| 040 |
|
|
|a DLC
|c DLC
|d m.c.
|d TXA
|d UtOrBLW
|
| 043 |
|
|
|a u-at---
|
| 049 |
|
|
|a TXAM
|c [1361881]
|
| 050 |
0 |
0 |
|a DU115.2.S87
|b B42
|
| 082 |
0 |
|
|a 919.4
|a B
|
| 100 |
1 |
|
|a Beale, Edgar.
|
| 245 |
1 |
0 |
|a Sturt, the chipped idol :
|b a study of Charles Sturt, explorer /
|c by Edgar Beale ; with a medical commentary by Kenneth Noad.
|
| 264 |
|
1 |
|a [Sydney] :
|b Sydney University Press,
|c 1979.
|
| 300 |
|
|
|a xii, 270 pages :
|b maps ;
|c 23 cm.
|
| 336 |
|
|
|a text
|b txt
|2 rdacontent
|
| 337 |
|
|
|a unmediated
|b n
|2 rdamedia
|
| 338 |
|
|
|a volume
|b nc
|2 rdacarrier
|
| 500 |
|
|
|a Includes index.
|
| 504 |
|
|
|a Bibliography: pages 259-262.
|
| 600 |
1 |
0 |
|a Sturt, Charles,
|d 1795-1869.
|
| 650 |
|
0 |
|a Explorers
|z Australia
|v Biography.
|
| 651 |
|
0 |
|a Australia
|x Discovery and exploration.
|
| 999 |
|
|
|a MARS
|
| 999 |
f |
f |
|s cc8bee4f-1cc4-3aba-afeb-cb88cf1da7d9
|i ad3d9360-fdca-3248-867b-b6bf83eb3391
|t 0
|
| 952 |
f |
f |
|p ric
|a Texas A&M University
|b Rellis Campus
|c Joint Library Facility
|d Remote Storage
|t 0
|e DU115.2.S87 B42
|h Library of Congress classification
|i unmediated -- volume
|m A14806103730
|
| 998 |
f |
f |
|a DU115.2.S87 B42
|t 0
|l Remote Storage
|